[Event "SR 2. liga A 2016/2017"]
[Site "?"]
[Date "2016.12.03"]
[Round "5.2"]
[White "Diviak, Rastislav"]
[Black "Packa, Ladislav"]
[Result "1-0"]
[WhiteElo "1960"]
[BlackElo "2140"]
[PlyCount "131"]
[EventDate "2016.??.??"]

1. e4 e5 2. Nf3 Nc6 3. Bb5 a6 4. Ba4 Nf6 5. O-O Be7 6. Re1 b5 7. Bb3 O-O 8. c3
d6 9. h3 Na5 10. Bc2 c5 11. d4 Nd7 12. Nbd2 Bf6 13. d5 g6 14. a4 b4 15. Nf1 Rb8
16. Ne3 Bg7 17. c4 Nf6 18. b3 Kh8 19. Nf1 Nh5 20. Rb1 Nb7 21. g4 Nf4 22. Bxf4
exf4 23. e5 dxe5 24. Nxe5 Bxe5 25. Rxe5 Nd6 26. Qe2 Rb7 27. Re1 Qh4 28. Qf3 f6
29. R5e2 Qg5 30. Kh2 Nf7 31. Re4 Ne5 32. Qxf4 Qxf4+ 33. Rxf4 g5 34. Rxe5 gxf4
35. Re4 h5 36. Rxf4 hxg4 37. hxg4 Kg7 38. Ng3 Kh6 39. Ne4 f5 40. Nd6 Re7 41.
Nxc8 Rxc8 42. Bxf5 Rh8 43. Kg3 Re1 44. Re4 Rh1 45. Kf4 Rh2 46. f3 Rb2 47. d6
Rd8 48. d7 Rd2 49. Re8 R8xd7 50. Bxd7 Rxd7 51. Re6+ Kg7 52. Rxa6 Rd3 53. Rc6
Rxb3 54. Rxc5 Rc3 55. a5 b3 56. Rb5 Rxc4+ 57. Kg5 b2 58. Rb7+ Kg8 59. Rxb2 Rc5+
60. Kf4 Rxa5 61. Rb7 Rc5 62. g5 Ra5 63. Kg4 Rc5 64. f4 Rc4 65. g6 Rc1 66. Kg5
1-0

[Event "SR 2. liga A 2016/2017"]
[Site "?"]
[Date "2016.12.03"]
[Round "5.2"]
[White "Jablonicky, Frantisek"]
[Black "Ocko, Martin"]
[Result "0-1"]
[WhiteElo "2106"]
[BlackElo "1936"]
[PlyCount "90"]
[EventDate "2016.??.??"]

1. Nf3 c5 2. c4 Nc6 3. d4 cxd4 4. Nxd4 d5 5. cxd5 Qxd5 6. Nxc6 Qxc6 7. Nc3 e6
8. a3 Nf6 9. e4 a6 10. Bd3 Be7 11. Be3 b5 12. Rc1 Qb7 13. O-O e5 14. Bg5 Be6
15. Qf3 Rd8 16. Rfd1 Bg4 17. Qg3 Bxd1 18. Rxd1 h6 19. Be3 Nxe4 20. Qxe5 Nxc3
21. bxc3 Kf8 22. Bd4 Bf6 23. Qc5+ Qe7 24. Qb6 Bxd4 25. cxd4 Qd6 26. Qc5 g6 27.
Qxd6+ Rxd6 28. Be4 Kg7 29. Kf1 Rc8 30. Rd3 f5 31. Bf3 g5 32. g3 Rc4 33. d5 a5
34. Rb3 b4 35. axb4 Rxb4 36. Ra3 a4 37. Ke2 Kf6 38. Kd2 Rdb6 39. Bd1 Rd4+ 40.
Kc1 Rbb4 41. Bc2 Rbc4 42. Kb1 Rxd5 43. Bxa4 Ra5 44. Bb3 Rxa3 45. Bxc4 Rf3 0-1

[Event "SR 2. liga A 2016/2017"]
[Site "?"]
[Date "2016.12.03"]
[Round "5.2"]
[White "Sobek, Michal"]
[Black "Horecky, Peter"]
[Result "1-0"]
[WhiteElo "1865"]
[BlackElo "2035"]
[PlyCount "21"]
[EventDate "2016.??.??"]

1. e4 Nf6 2. e5 Nd5 3. Nf3 d6 4. Bc4 Nb6 5. Bxf7+ Kxf7 6. Ng5+ Kg6 7. d4 dxe5
8. Qd3+ Bf5 9. Qg3 Qxd4 10. Nf3+ Qg4 11. Nxe5+ 1-0

[Event "SR 2. liga A 2016/2017"]
[Site "?"]
[Date "2016.12.03"]
[Round "5.2"]
[White "Lukacovic, Miroslav"]
[Black "Ulehla, Jakub"]
[Result "1-0"]
[WhiteElo "1981"]
[BlackElo "1620"]
[PlyCount "37"]
[EventDate "2016.??.??"]

1. d4 Nf6 2. c4 g6 3. Nc3 Bg7 4. e4 d6 5. Nge2 Nc6 6. d5 Ne5 7. f4 Ned7 8. Be3
c6 9. h3 O-O 10. Qd2 cxd5 11. cxd5 a6 12. g4 Qc7 13. Ng3 Nc5 14. Rc1 b6 15. Be2
Bd7 16. b4 Nb7 17. g5 Ne8 18. Na4 Qd8 19. Nxb6 1-0

[Event "SR 2. liga A 2016/2017"]
[Site "?"]
[Date "2016.12.03"]
[Round "5.3"]
[White "Jancovic, Peter"]
[Black "Janos, Martin"]
[Result "1-0"]
[WhiteElo "2239"]
[BlackElo "2209"]
[PlyCount "117"]
[EventDate "2016.??.??"]

1. d4 Nf6 2. c4 c5 3. Nf3 cxd4 4. Nxd4 Nc6 5. Nc3 d6 6. g3 Qb6 7. Nc2 g6 8. Bg2
Bg7 9. O-O Be6 10. Nd5 Bxd5 11. cxd5 Ne5 12. Be3 Qd8 13. Na3 O-O 14. Qb3 Ned7
15. h3 Qa5 16. Nc4 Qa6 17. a4 Rfc8 18. Rfc1 Nc5 19. Qb4 b6 20. Rc2 Qb7 21. Qb5
Nxd5 22. Rd2 a6 23. Bxd5 axb5 24. Bxb7 bxc4 25. Bxc5 bxc5 26. Rc1 Rcb8 27. Bxa8
Rxa8 28. Rxc4 Rb8 29. a5 Bxb2 30. a6 Ba3 31. Ra4 Bb4 32. a7 Ra8 33. Rda2 Kg7
34. Ra6 c4 35. R6a4 Bc5 36. Rxc4 Rxa7 37. Rxa7 Bxa7 38. Rc7 Bc5 39. Rxe7 h5 40.
Kg2 Kf6 41. Re8 Kg7 42. f4 Bb4 43. Kf3 f5 44. g4 hxg4+ 45. hxg4 Kf7 46. Rb8 Bc5
47. Rb7+ Ke6 48. g5 Bd4 49. e3 Bc3 50. Ke2 Ba1 51. Kd3 Bh8 52. Kc4 Ba1 53. Rh7
Bb2 54. Rh6 Kf7 55. Kd5 Bc1 56. Rh7+ Kg8 57. Rh3 Ba3 58. Ke6 Kg7 59. e4 1-0

[Event "SR 2. liga A 2016/2017"]
[Site "?"]
[Date "2016.12.03"]
[Round "5.3"]
[White "Privara, Igor"]
[Black "Tepper, Frantisek"]
[Result "1/2-1/2"]
[WhiteElo "2161"]
[BlackElo "2079"]
[PlyCount "32"]
[EventDate "2016.??.??"]

1. e4 e5 2. Nf3 Nc6 3. Nc3 Nf6 4. g3 Bb4 5. Bg2 O-O 6. O-O d6 7. d3 h6 8. h3
Re8 9. Be3 Be6 10. Nd2 d5 11. exd5 Nxd5 12. Nxd5 Bxd5 13. Bxd5 Qxd5 14. Qg4
Bxd2 15. Bxd2 Re6 16. Bc3 Nd4 1/2-1/2

[Event "SR 2. liga A 2016/2017"]
[Site "?"]
[Date "2016.12.03"]
[Round "5.3"]
[White "Janos, Jozef"]
[Black "Sulek, Viliam"]
[Result "1/2-1/2"]
[WhiteElo "2157"]
[BlackElo "2059"]
[PlyCount "45"]
[EventDate "2016.??.??"]

1. Nf3 Nf6 2. c4 b6 3. g3 Bb7 4. Bg2 c5 5. O-O g6 6. e3 Bg7 7. d4 cxd4 8. exd4
d5 9. Ne5 O-O 10. Nc3 Na6 11. Bg5 Nc7 12. Rc1 h6 13. Be3 Kh7 14. f4 e6 15. Qc2
Rc8 16. g4 Nd7 17. Nxd7 Qxd7 18. f5 exf5 19. gxf5 Rfe8 20. Qd2 Bc6 21. Bh3 g5
22. Bg2 Bf6 23. Rcd1 1/2-1/2

[Event "SR 2. liga A 2016/2017"]
[Site "?"]
[Date "2016.12.03"]
[Round "5.3"]
[White "Nestorenko, Dmitry"]
[Black "Fabry, Robert"]
[Result "0-1"]
[WhiteElo "2087"]
[BlackElo "2082"]
[PlyCount "120"]
[EventDate "2016.??.??"]

1. e4 e5 2. Nf3 Nc6 3. c3 Nf6 4. d4 d5 5. exd5 Qxd5 6. Be2 e4 7. Nfd2 e3 8.
fxe3 Qxg2 9. Bf3 Qh3 10. Qe2 Bd6 11. Nc4 Bg4 12. Nxd6+ cxd6 13. Nd2 O-O 14. Rg1
Bf5 15. Nf1 Rfe8 16. Bd2 Rac8 17. Qf2 Bg6 18. Ng3 Ne7 19. Ne2 Ned5 20. Bxd5
Nxd5 21. Rg3 Qd7 22. b3 Nf6 23. Rg1 Re7 24. Qf3 Rce8 25. Nf4 Qf5 26. Rg3 Ne4
27. Nxg6 fxg6 28. Qxf5 gxf5 29. Rf3 g6 30. O-O-O Rc8 31. Kb2 b5 32. Be1 Nf6 33.
Bg3 Rc6 34. Bh4 Kf7 35. Rc1 d5 36. a3 Re4 37. Bxf6 Kxf6 38. Kc2 Re7 39. Kd2
Rec7 40. Rf2 a5 41. Kd3 g5 42. Rfc2 Ke6 43. c4 bxc4+ 44. bxc4 Rxc4 45. Rxc4
dxc4+ 46. Rxc4 Rxc4 47. Kxc4 a4 48. d5+ Kd7 49. Kd4 Kd6 50. e4 fxe4 51. Kxe4 g4
52. Kd4 h5 53. Ke4 h4 54. Kf4 Kxd5 55. Kxg4 Kc4 56. Kxh4 Kb3 57. Kg5 Kxa3 58.
h4 Kb3 59. h5 a3 60. h6 a2 0-1

[Event "SR 2. liga A 2016/2017"]
[Site "?"]
[Date "2016.12.03"]
[Round "5.3"]
[White "Mikulas, Dusan"]
[Black "Kostolansky, Sebastian Lukas"]
[Result "1/2-1/2"]
[WhiteElo "2074"]
[BlackElo "2049"]
[PlyCount "118"]
[EventDate "2016.??.??"]

1. e4 e6 2. d4 d5 3. Nc3 Nf6 4. e5 Nfd7 5. Nce2 c5 6. c3 Nc6 7. f4 Qb6 8. Nf3
Be7 9. g3 Na5 10. Bh3 cxd4 11. cxd4 Nc4 12. b3 Bb4+ 13. Kf1 Na3 14. Kg2 O-O 15.
f5 exf5 16. Nf4 Qc6 17. Bxf5 Re8 18. Be3 Nf8 19. Rc1 Qb5 20. Bd3 Qa5 21. Bd2
Ne6 22. Nxe6 Bxe6 23. Rc5 Qb6 24. Bxb4 Qxb4 25. Qe1 Qxe1 26. Rxe1 Rec8 27. Rec1
Rxc5 28. Rxc5 Rc8 29. Ng5 Rxc5 30. dxc5 Bg4 31. Bxh7+ Kf8 32. Bd3 Bd1 33. Kf2
Bc2 34. Ke3 Ke7 35. Nf3 Bxd3 36. Kxd3 Nb5 37. a4 Nc7 38. Kd4 a5 39. Ne1 Kd7 40.
Nd3 Kc6 41. h4 Ne6+ 42. Ke3 Nxc5 43. Nxc5 Kxc5 44. g4 d4+ 45. Ke4 d3 46. Kxd3
Kd5 47. e6 Kxe6 48. Ke4 Kf6 49. Kf4 g5+ 50. hxg5+ Kg6 51. Kf3 Kxg5 52. Kg3 b6
53. Kf3 f6 54. Kg3 f5 55. gxf5 Kxf5 56. Kf3 Ke5 57. Ke3 Kd5 58. Kd3 Kc5 59. Kc3
b5 1/2-1/2

[Event "SR 2. liga A 2016/2017"]
[Site "?"]
[Date "2016.12.03"]
[Round "5.3"]
[White "Cambel, Vladimir"]
[Black "Kolman, Richard"]
[Result "1-0"]
[WhiteElo "1998"]
[BlackElo "2031"]
[PlyCount "65"]
[EventDate "2016.??.??"]

1. Nf3 d5 2. c4 c6 3. b3 Nf6 4. g3 Bg4 5. Bg2 Nbd7 6. Bb2 e6 7. O-O Be7 8. d3
O-O 9. Nbd2 Bh5 10. Qc2 Rc8 11. Rfe1 Ne8 12. Rac1 Nc7 13. e4 dxe4 14. Nxe4 f5
15. Ned2 f4 16. d4 fxg3 17. hxg3 c5 18. Qe4 cxd4 19. Bxd4 Bb4 20. Re3 b6 21. a3
Nf6 22. Qh4 Bxf3 23. Nxf3 Bxa3 24. Ra1 Be7 25. Ng5 h6 26. Nxe6 Nxe6 27. Rxe6
Rc7 28. Rae1 Rd7 29. Bxf6 Bxf6 30. Qg4 Bd4 31. R1e2 Rdf7 32. Bd5 Bxf2+ 33. Rxf2
1-0

[Event "SR 2. liga A 2016/2017"]
[Site "?"]
[Date "2016.12.03"]
[Round "5.4"]
[White "Dolnak, Michal"]
[Black "Sosovicka, Juraj"]
[Result "1/2-1/2"]
[WhiteElo "2244"]
[BlackElo "2187"]
[PlyCount "26"]
[EventDate "2016.??.??"]

1. d4 d5 2. Nf3 Nf6 3. g3 Bf5 4. Bg2 e6 5. O-O h6 6. c4 c6 7. b3 Nbd7 8. Bb2
Be7 9. Nbd2 O-O 10. Rc1 Rc8 11. Re1 Qa5 12. a3 Qb6 13. Ne5 Rfd8 1/2-1/2

[Event "SR 2. liga A 2016/2017"]
[Site "?"]
[Date "2016.12.03"]
[Round "5.4"]
[White "Duben, Igor"]
[Black "Bronis, Marian"]
[Result "1-0"]
[WhiteElo "2214"]
[BlackElo "2112"]
[PlyCount "116"]
[EventDate "2016.??.??"]

1. d4 c5 2. e3 g6 3. Nf3 Bg7 4. c3 Nf6 5. dxc5 a5 6. Qc2 Qc7 7. e4 Na6 8. Bxa6
Rxa6 9. O-O Qxc5 10. Be3 Qh5 11. Nbd2 O-O 12. Rfe1 d6 13. a4 b5 14. e5 dxe5 15.
axb5 Ra8 16. c4 Ng4 17. Nf1 Nxe3 18. Rxe3 Bf5 19. Qb3 e4 20. Ng3 Qg4 21. h3 Qf4
22. Nd2 Qe5 23. Ndxe4 Qxb2 24. Qxb2 Bxb2 25. Ra2 Bd4 26. Rd3 e5 27. Nxf5 gxf5
28. Ng3 Rfd8 29. Rda3 Rdc8 30. Nxf5 Rxc4 31. Rxa5 Rac8 32. Ne7+ Kg7 33. Nxc8
Rxc8 34. g4 Rc1+ 35. Kg2 Rb1 36. h4 Rb4 37. f3 Rb1 38. g5 Bb6 39. Ra8 Rxb5 40.
Rb8 Rb4 41. Re2 Rb1 42. Rb7 h5 43. gxh6+ Kxh6 44. Rxf7 Bd4 45. Kh3 Rg1 46. Rg2
Rf1 47. Rf6+ Kh7 48. Rf5 Kh6 49. Kg4 Bc3 50. Rf6+ Kh7 51. Rc6 Bd4 52. Rd6 Bc5
53. Rc6 Be3 54. Rb2 Bh6 55. Rb7+ Bg7 56. Rcc7 Kh8 57. Rxg7 Rg1+ 58. Kf5 Rg5+
1-0

[Event "SR 2. liga A 2016/2017"]
[Site "?"]
[Date "2016.12.03"]
[Round "5.4"]
[White "Sukuba, Zdeno"]
[Black "Sosovicka, Matej"]
[Result "1/2-1/2"]
[WhiteElo "2154"]
[BlackElo "2202"]
[PlyCount "21"]
[EventDate "2016.??.??"]

1. c4 e5 2. Nc3 Nf6 3. Nf3 Nc6 4. g3 Bb4 5. Bg2 O-O 6. O-O Re8 7. a3 Bxc3 8.
dxc3 d6 9. Qc2 h6 10. b3 e4 11. Nd4 1/2-1/2

[Event "SR 2. liga A 2016/2017"]
[Site "?"]
[Date "2016.12.03"]
[Round "5.4"]
[White "Oprea, Erik"]
[Black "Biro, Karol"]
[Result "1/2-1/2"]
[WhiteElo "2172"]
[BlackElo "2087"]
[PlyCount "132"]
[EventDate "2016.??.??"]

1. c4 e5 2. Nc3 Nf6 3. e3 d5 4. d4 exd4 5. exd4 Be7 6. cxd5 Nxd5 7. Bd3 Nc6 8.
Nge2 Be6 9. O-O Qd7 10. Nxd5 Qxd5 11. Be3 Bf5 12. Nc3 Qd7 13. d5 Bxd3 14. Qxd3
Nb4 15. Qc4 O-O 16. Rac1 Na6 17. Nb5 Bf6 18. b3 Rfd8 19. h3 Qxd5 20. Qxd5 Rxd5
21. Nxc7 Nxc7 22. Rxc7 b6 23. Rfc1 Kf8 24. Bf4 b5 25. Rb7 Bd8 26. Bc7 Rd7 27.
Rb8 Rxc7 28. Rxd8+ Rxd8 29. Rxc7 a6 30. Ra7 Rd6 31. Kf1 Re6 32. g4 g6 33. Kg2
Kg7 34. h4 h6 35. Kf3 Kf6 36. Ra8 Ke5 37. Rh8 g5 38. hxg5 hxg5 39. Ke3 Kd5+ 40.
Kd3 Kc5 41. Rg8 f6 42. f4 Rd6+ 43. Ke3 Rd5 44. Rg6 gxf4+ 45. Kxf4 Rd2 46. Rxf6
Rxa2 47. Re6 Kb4 48. Re3 Rc2 49. g5 a5 50. g6 Rc8 51. Rg3 a4 52. bxa4 bxa4 53.
g7 Rg8 54. Ke5 a3 55. Kf6 a2 56. Rg1 Kb3 57. Kf7 Ra8 58. Rg3+ Kc2 59. Rg2+ Kb3
60. Rg1 Ra7+ 61. Kf6 Rxg7 62. Kxg7 Kb2 63. Rg2+ Kb1 64. Kf7 a1=Q 65. Rg1+ Kb2
66. Rxa1 Kxa1 1/2-1/2

[Event "SR 2. liga A 2016/2017"]
[Site "?"]
[Date "2016.12.03"]
[Round "5.4"]
[White "Janos, Ivan"]
[Black "Hurban, Martin"]
[Result "0-1"]
[WhiteElo "2027"]
[BlackElo "1983"]
[PlyCount "44"]
[EventDate "2016.??.??"]

1. e4 e6 2. d4 d5 3. Nc3 Bb4 4. e5 c5 5. Qg4 Ne7 6. dxc5 Nbc6 7. Nf3 d4 8. a3
Qa5 9. Rb1 dxc3 10. axb4 Qa2 11. bxc3 Qxb1 12. Kd2 O-O 13. Bd3 Ng6 14. Re1 Rd8
15. Qc4 Rd5 16. Ba3 Ncxe5 17. Nxe5 Nxe5 18. Qb5 Bd7 19. Qxb7 Rxd3+ 20. cxd3
Qxd3+ 21. Kc1 Qxc3+ 22. Kd1 Ba4+ 0-1

[Event "SR 2. liga A 2016/2017"]
[Site "?"]
[Date "2016.12.03"]
[Round "5.4"]
[White "Kosegi, Marek"]
[Black "Petreje, Juraj"]
[Result "1-0"]
[WhiteElo "1907"]
[BlackElo "1984"]
[PlyCount "43"]
[EventDate "2016.??.??"]

1. e4 d6 2. d4 Nf6 3. Nc3 g6 4. f4 Bg7 5. Nf3 c6 6. Bd3 O-O 7. O-O b5 8. e5
Nfd7 9. exd6 exd6 10. a4 b4 11. Ne4 Nf6 12. Nxf6+ Bxf6 13. Bd2 a5 14. c3 Qb6
15. Qc2 c5 16. dxc5 dxc5 17. Kh1 Nc6 18. f5 Rd8 19. fxg6 hxg6 20. Bxg6 b3 21.
Bxf7+ Kxf7 22. Ng5+ 1-0

[Event "SR 2. liga A 2016/2017"]
[Site "?"]
[Date "2016.12.03"]
[Round "5.4"]
[White "Mandak, Miroslav"]
[Black "Gzib, David"]
[Result "1/2-1/2"]
[WhiteElo "1987"]
[BlackElo "1789"]
[PlyCount "52"]
[EventDate "2016.??.??"]

1. e4 c5 2. Nf3 Nc6 3. d4 cxd4 4. Nxd4 g6 5. Be3 Nf6 6. Nc3 Bg7 7. Be2 O-O 8.
O-O d5 9. exd5 Nxd5 10. Nxd5 Qxd5 11. Nxc6 Qxc6 12. c3 e5 13. a4 Be6 14. Qc2
Rfd8 15. Rfc1 f5 16. Rd1 f4 17. Bb5 Qc7 18. Bd2 a6 19. Bf1 Qf7 20. c4 Rac8 21.
b3 b5 22. axb5 axb5 23. Ba5 Rxd1 24. Rxd1 bxc4 25. bxc4 Bf6 26. Rc1 Qa7 1/2-1/2

[Event "SR 2. liga A 2016/2017"]
[Site "?"]
[Date "2016.12.03"]
[Round "5.4"]
[White "Marcok, Jan"]
[Black "Kebis, Milos"]
[Result "0-1"]
[WhiteElo "1798"]
[BlackElo "1934"]
[PlyCount "70"]
[EventDate "2016.??.??"]

1. e4 e5 2. Nf3 Nc6 3. Bc4 Nf6 4. d3 h6 5. Nc3 Be7 6. O-O d6 7. h3 O-O 8. a3
Na5 9. Ba2 c5 10. Ne2 Re8 11. Ng3 Bf8 12. Nf5 Nc6 13. c3 d5 14. Qc2 c4 15. Rd1
cxd3 16. Rxd3 Bxf5 17. Bxd5 Bd7 18. Be3 Qc7 19. Rad1 Nxd5 20. Rxd5 Be6 21. R5d2
Rad8 22. Qa4 Rxd2 23. Rxd2 Rd8 24. Rxd8 Qxd8 25. Qb5 Qd7 26. Bc5 a6 27. Qb6
Bxc5 28. Qxc5 f6 29. Kh2 Qd3 30. Qb6 Qb5 31. Qxb5 axb5 32. Nd2 Na5 33. Kg3 Kf7
34. Kf3 Nc4 35. b3 Nxd2+ 0-1

[Event "SR 2. liga A 2016/2017"]
[Site "?"]
[Date "2016.12.03"]
[Round "5.5"]
[White "Schwarz, Dusan"]
[Black "Kralovic, Andrej"]
[Result "1-0"]
[WhiteElo "2293"]
[BlackElo "2210"]
[PlyCount "195"]
[EventDate "2016.??.??"]

1. d4 Nf6 2. c4 e6 3. Nc3 Bb4 4. f3 O-O 5. a3 Bxc3+ 6. bxc3 Ne8 7. e4 b6 8. Bd3
Ba6 9. Be3 Nc6 10. Nh3 Na5 11. Qe2 Nd6 12. e5 Ndxc4 13. Bg5 f6 14. exf6 gxf6
15. Qe4 f5 16. Qh4 Qe8 17. Be7 Nb3 18. Bxf8 Qxf8 19. Ra2 Kh8 20. O-O Qg7 21.
Nf4 Rg8 22. g4 Qg5 23. Qxg5 Rxg5 24. Rg2 Nbd2 25. Rff2 fxg4 26. Rxd2 Nxd2 27.
Rxd2 gxf3+ 28. Kf2 Bb7 29. Ke3 e5 30. Nh3 exd4+ 31. cxd4 Ra5 32. Rc2 c5 33.
dxc5 Rxa3 34. cxb6 axb6 35. Rb2 Bc6 36. Rxb6 Kg7 37. Rb4 h6 38. Nf2 Rc3 39.
Rg4+ Kf7 40. Rf4+ Kg7 41. Rf5 Ra3 42. Rf4 Rb3 43. Rd4 Ra3 44. Rd6 Rb3 45. Rg6+
Kf7 46. Rxh6 Rb2 47. Rh4 Kf8 48. Be4 Rb3+ 49. Nd3 Bb5 50. Rf4+ Kg7 51. Rxf3
Bxd3 52. Bxd3 Rb2 53. h3 Rh2 54. Kf4 d5 55. Ke5 Rh1 56. Kxd5 Ra1 57. Ke5 Ra5+
58. Kf4 Ra7 59. Kg5 Ra3 60. h4 Rc3 61. h5 Rc5+ 62. Bf5 Rb5 63. Rc3 Rb8 64. Rc7+
Kh8 65. Kh6 Re8 66. Bg6 Rf8 67. Kg5 Rb8 68. Rc5 Rf8 69. h6 Rb8 70. h7 Rf8 71.
Kh6 Rd8 72. Rc6 Rb8 73. Kg5 Rb5+ 74. Bf5 Rb8 75. Be6 Rb5+ 76. Kf6 Rb8 77. Rc1
Rb2 78. Rg1 Rd2 79. Rg8+ Kxh7 80. Rg3 Rh2 81. Rg7+ Kh8 82. Rd7 Rh6+ 83. Kf5
Rf6+ 84. Ke5 Rf8 85. Bf5 Re8+ 86. Kf6 Rf8+ 87. Kg6 Rg8+ 88. Kh6 Re8 89. Bg6 Rf8
90. Rc7 Rd8 91. Bf7 Rd6+ 92. Kg5 Kg7 93. Be6+ Kh8 94. Kf6 Rb6 95. Rc2 Rb7 96.
Rc8+ Kh7 97. Bf5+ Kh6 98. Rh8+ 1-0

[Event "SR 2. liga A 2016/2017"]
[Site "?"]
[Date "2016.12.03"]
[Round "5.5"]
[White "Bednar, Jan"]
[Black "Vrbova, Niki"]
[Result "1/2-1/2"]
[WhiteElo "2062"]
[BlackElo "2199"]
[PlyCount "107"]
[EventDate "2016.??.??"]

1. d4 d5 2. Nf3 Nf6 3. e3 c6 4. Bd3 g6 5. O-O Bg7 6. b3 O-O 7. Bb2 Nbd7 8. Nbd2
Nh5 9. c4 dxc4 10. Nxc4 Nb6 11. Nce5 Nd5 12. Rc1 a5 13. a3 Be6 14. Ng5 Bxe5 15.
dxe5 Ng7 16. Qc2 Rc8 17. Rfd1 Qb6 18. Bd4 Qc7 19. h4 Qd7 20. Be2 Qe8 21. h5 h6
22. Nxe6 Nxe6 23. hxg6 fxg6 24. Bg4 Nxd4 25. Rxd4 Rd8 26. Be6+ Kg7 27. Rcd1 Rb8
28. Bxd5 cxd5 29. Rxd5 Qf7 30. Qb2 Kh7 31. Rxa5 h5 32. Rad5 h4 33. R5d4 g5 34.
Qe2 Kh6 35. b4 Ra8 36. f4 Rxa3 37. fxg5+ Kg7 38. Rxh4 Ra2 39. g6 Rxe2 40. gxf7
Rxe3 41. Rf1 Rxe5 42. Rg4+ Kh7 43. Rf3 Re6 44. Rh3+ Rh6 45. Rxh6+ Kxh6 46. Rf4
Kg6 47. Kf2 Rxf7 48. Rxf7 Kxf7 49. Ke3 Kf6 50. Kf4 Ke6 51. b5 Kd5 52. Ke3 b6
53. g3 Ke5 54. Kd3 1/2-1/2

[Event "SR 2. liga A 2016/2017"]
[Site "?"]
[Date "2016.12.03"]
[Round "5.5"]
[White "Cech, Dominik"]
[Black "Macka, Oto"]
[Result "1-0"]
[WhiteElo "2192"]
[BlackElo "2018"]
[PlyCount "67"]
[EventDate "2016.??.??"]

1. e4 e6 2. d4 d5 3. Nc3 Nf6 4. e5 Nfd7 5. f4 c5 6. Nf3 Nc6 7. Be3 a6 8. Qd2 b5
9. a3 b4 10. axb4 cxb4 11. Nd1 Be7 12. Bd3 Nb6 13. Qe2 a5 14. O-O Qc7 15. Nd2
g6 16. g4 Bb7 17. f5 gxf5 18. gxf5 O-O-O 19. f6 Rdg8+ 20. Kh1 Bf8 21. Nf2 Nc4
22. Nxc4 dxc4 23. Be4 h5 24. Qxc4 Bh6 25. Bxh6 Rxh6 26. Rg1 Rhg6 27. Rxg6 Rxg6
28. Rg1 Rxg1+ 29. Kxg1 Qd7 30. c3 bxc3 31. bxc3 Kb8 32. Nd3 Nd8 33. Nc5 Qc7 34.
Bxb7 1-0

[Event "SR 2. liga A 2016/2017"]
[Site "?"]
[Date "2016.12.03"]
[Round "5.5"]
[White "Orolin, Peter"]
[Black "Petrik, Stanislav"]
[Result "0-1"]
[WhiteElo "2028"]
[BlackElo "2101"]
[PlyCount "88"]
[EventDate "2016.??.??"]

1. Nf3 Nf6 2. d4 e6 3. c4 Bb4+ 4. Nbd2 O-O 5. e3 b6 6. Bd3 Bb7 7. a3 Be7 8. e4
d5 9. e5 Nh5 10. Nb3 dxc4 11. Bxc4 g6 12. Bh6 Ng7 13. h4 Bd5 14. Qd3 Bxc4 15.
Qxc4 Qd5 16. Qxd5 exd5 17. Rc1 Rc8 18. Bg5 Bf8 19. Ke2 a5 20. a4 Ne6 21. Be3 h6
22. Nh2 Nd7 23. f4 c5 24. Nf3 c4 25. Nbd2 Rcb8 26. g4 b5 27. f5 Nd8 28. axb5
Rxb5 29. Rc2 Rab8 30. Rb1 a4 31. Ne1 a3 32. Ng2 axb2 33. Nf4 gxf5 34. gxf5 Be7
35. Nh5 Kh7 36. f6 Ba3 37. Nf3 Ne6 38. Nh2 Rg8 39. Kf2 Rb3 40. Nf4 Nxf4 41.
Bxf4 Nf8 42. Be3 Ne6 43. h5 Ng5 44. Ng4 Ne4+ 0-1

[Event "SR 2. liga A 2016/2017"]
[Site "?"]
[Date "2016.12.03"]
[Round "5.5"]
[White "Orosi, Peter"]
[Black "Goga, Frantisek"]
[Result "1-0"]
[WhiteElo "2116"]
[BlackElo "2010"]
[PlyCount "45"]
[EventDate "2016.??.??"]

1. e4 c5 2. c3 Nf6 3. e5 Nd5 4. d4 cxd4 5. cxd4 Nc6 6. Nf3 e6 7. a3 d6 8. Bd3
Bd7 9. O-O Qc7 10. Re1 Rc8 11. Bd2 dxe5 12. dxe5 Bc5 13. Nc3 Nxc3 14. Bxc3 Ne7
15. Rc1 Qb6 16. Qd2 h6 17. b4 Bxf2+ 18. Qxf2 Qxf2+ 19. Kxf2 Nd5 20. Bd2 O-O 21.
Rxc8 Rxc8 22. Rc1 Rd8 23. b5 1-0

[Event "SR 2. liga A 2016/2017"]
[Site "?"]
[Date "2016.12.03"]
[Round "5.5"]
[White "Vinarcik, Jan"]
[Black "Petrik, Karol"]
[Result "0-1"]
[WhiteElo "1863"]
[BlackElo "2111"]
[PlyCount "56"]
[EventDate "2016.??.??"]

1. e4 c6 2. d3 g6 3. Bd2 Bg7 4. Bc3 Nf6 5. f3 d5 6. Ne2 O-O 7. Ng3 Qb6 8. e5 d4
9. Bxd4 Qxd4 10. exf6 exf6 11. c3 Re8+ 12. Be2 Qb6 13. Qc2 f5 14. Nd2 Be6 15.
d4 c5 16. dxc5 Qxc5 17. Nb3 Qb6 18. O-O-O Nc6 19. Rhe1 Rac8 20. Kb1 Nb4 21. Qd2
Nxa2 22. Kxa2 Bxb3+ 23. Kb1 Qa5 24. Bd3 Red8 25. Qe2 Qa2+ 26. Kc1 Bxc3 27. Rd2
Qa1+ 28. Bb1 Bxb2# 0-1

[Event "SR 2. liga A 2016/2017"]
[Site "?"]
[Date "2016.12.03"]
[Round "5.5"]
[White "Polacik, Igor"]
[Black "Henc, Marian"]
[Result "1-0"]
[WhiteElo "2187"]
[BlackElo "1930"]
[PlyCount "101"]
[EventDate "2016.??.??"]

1. c4 Nf6 2. Nc3 c5 3. g3 Na6 4. Bg2 Nc7 5. Nf3 g6 6. O-O Bg7 7. d4 cxd4 8.
Nxd4 a6 9. e4 d6 10. h3 O-O 11. Be3 Rb8 12. Qe2 Ne6 13. Nb3 Bd7 14. Rfd1 Qc8
15. Kh2 Bc6 16. Rac1 Nd7 17. Na5 Ndc5 18. Nd5 Re8 19. b4 Nd7 20. f4 Ba4 21. Rd3
b6 22. Nb3 Bxb3 23. axb3 Nd8 24. Rdd1 a5 25. b5 Nc5 26. Qc2 Nde6 27. Rd2 Rb7
28. h4 Qb8 29. b4 axb4 30. Nxb4 Rd7 31. Rcd1 Qa7 32. Bf2 Qa4 33. Qxa4 Nxa4 34.
e5 Nec5 35. Bc6 Red8 36. Bxd7 Rxd7 37. Bxc5 Nxc5 38. exd6 e6 39. Ra2 Bc3 40.
Nc6 Ne4 41. Ra3 f5 42. Ra8+ Kf7 43. Ne5+ Bxe5 44. fxe5 Nf2 45. Re1 Nd3 46. Re2
Nc5 47. Rh8 Kg7 48. Rc8 Kh6 49. Rb8 Kh5 50. Rxb6 Kg4 51. Rc6 1-0

[Event "SR 2. liga A 2016/2017"]
[Site "?"]
[Date "2016.12.03"]
[Round "5.6"]
[White "Farkas, Gabor"]
[Black "Takacs, Laszlo"]
[Result "1-0"]
[WhiteElo "2387"]
[BlackElo "2185"]
[PlyCount "105"]
[EventDate "2016.??.??"]

1. d4 d5 2. Nf3 Nf6 3. Bf4 e6 4. e3 c5 5. Be2 Nc6 6. O-O cxd4 7. exd4 Qb6 8.
Nc3 a6 9. a3 Be7 10. b4 O-O 11. Na4 Qa7 12. Nc5 Ne4 13. Bd3 Bf6 14. Bxe4 dxe4
15. Ne5 Rd8 16. Nxc6 bxc6 17. Be3 Bxd4 18. Bxd4 e5 19. Ne6 Rxd4 20. Nxd4 exd4
21. Qh5 Be6 22. Qe5 a5 23. Rad1 axb4 24. axb4 d3 25. Ra1 Qb7 26. Rxa8+ Qxa8 27.
Qxe4 dxc2 28. Qxc2 h6 29. Rc1 Bd5 30. Qc5 Qa4 31. h3 Qa6 32. Re1 Qd3 33. Re3
Qg6 34. Rg3 Qe4 35. Qc3 g6 36. Rg4 Qe6 37. Qe3 Qxe3 38. fxe3 Bb3 39. e4 Kf8 40.
Kf2 Ke7 41. Ke3 g5 42. Kd4 Ke6 43. Rg3 Ba4 44. Ra3 Bb5 45. Ra8 Bf1 46. g3 Bxh3
47. Rh8 Kd6 48. Rxh6+ Be6 49. e5+ Ke7 50. Kc5 g4 51. Rf6 Kd7 52. Kb6 Bd5 53. b5
1-0

[Event "SR 2. liga A 2016/2017"]
[Site "?"]
[Date "2016.12.03"]
[Round "5.6"]
[White "Darazs, Zoltan"]
[Black "Varga, David"]
[Result "0-1"]
[WhiteElo "2151"]
[BlackElo "2291"]
[PlyCount "70"]
[EventDate "2016.??.??"]

1. e4 e5 2. Nf3 Nf6 3. Nxe5 d6 4. Nf3 Nxe4 5. d4 d5 6. Bd3 Nc6 7. O-O Be7 8. c4
Nb4 9. Be2 O-O 10. Nc3 Be6 11. cxd5 Nxc3 12. bxc3 Nxd5 13. Qc2 c5 14. Rb1 Qc7
15. Bd3 h6 16. Bd2 Rac8 17. c4 Nb4 18. Bxb4 cxb4 19. Rbc1 Rfd8 20. Bh7+ Kh8 21.
Bf5 Qxc4 22. Qxc4 Rxc4 23. Bxe6 Rxc1 24. Rxc1 fxe6 25. Rc7 Bf6 26. Rxb7 a5 27.
g3 Bxd4 28. Nxd4 Rxd4 29. Ra7 Rd5 30. Kg2 Kh7 31. Kf3 Rd3+ 32. Ke4 Ra3 33. f4
Rxa2 34. g4 b3 35. Rb7 Ra4+ 0-1

[Event "SR 2. liga A 2016/2017"]
[Site "?"]
[Date "2016.12.03"]
[Round "5.6"]
[White "Balogh, Peter"]
[Black "Marosi, Csaba"]
[Result "1/2-1/2"]
[WhiteElo "2284"]
[BlackElo "2007"]
[PlyCount "63"]
[EventDate "2016.??.??"]

1. d4 e6 2. c4 d5 3. cxd5 exd5 4. Nc3 c5 5. Nf3 Nc6 6. g3 Nf6 7. Bg2 Be7 8. O-O
O-O 9. dxc5 Bxc5 10. a3 Be6 11. b4 Be7 12. Bb2 Rc8 13. Rc1 Qd7 14. e3 Rfd8 15.
Qa4 a6 16. Rfd1 Bg4 17. Rd2 Bxf3 18. Bxf3 Ne5 19. Qxd7 Nxf3+ 20. Kg2 Rxd7 21.
Kxf3 Rcd8 22. Rcd1 Ne4 23. Rd3 Nxc3 24. Bxc3 f6 25. Bd4 Kf7 26. Rc1 Ke6 27.
Rdc3 Bd6 28. Ke2 Be5 29. Kd3 Bd6 30. Bc5 Be5 31. Bd4 Bd6 32. Bc5 1/2-1/2